000
00459nam a2200181Ia 4500
008
090124s9999 xx 000 0 und d
082
_b
7316
_a
618
100
_a
जिब्रान खलिल
245
_a
सलमा
250
_a
1
260
_c
1949
300
_a
108
600
_a
जिब्रान खलिल
630
_a
सलमा
700
_a
जिब्रान खलिल
730
_a
सलमा
942
_c
BOOK
999
_c
121257
_d
121257